Who said that Quote Forrest Gump Addition - Statistics

General Stats
  • This quiz has been taken 10 times
  • The average score is 16 of 18
Answer Stats
Quote Character % Correct
"My mama always said, 'Life was like a box of chocolates. You never know what you're gonna get.' Forrest
100%
"Stupid is as stupid does." Forrest
100%
"I'm not a smart man, but I know what love is." Forrest
100%
"Mama always said, dying was a part of life. I sure wish it wasn't." Forrest
100%
"You have to do the best with what God gave you." Forrest
100%
"From that day on, if I was going somewhere, I was running." Forrest
100%
"I don't know if we each have a destiny, or if we're all just floating around accidental-like on a breeze, but I, I think maybe it's both." Forrest
100%
"And that's all I have to say about that." Forrest
100%
"Get your hand off your gun!" Forrest
100%
"I'm gonna lean up against you, you just lean right back against me. This way, we don't have to sleep with our heads in the mud." Forrest
100%
"What's normal anyways?" Forrest
100%
"Run, Forrest! run!" Jenny
100%
"Just if you're ever in trouble, don't be brave. You just run, OK? Just run away." Jenny
100%
"Anyway, like I was sayin', shrimp is the fruit of the sea." Bubba
89%
"I wanna go home." Bubba
89%
"You know why we're a good partnership, Forrest? Cause we are watching out for one another like brothers and stuff." Bubba
89%
"You call this a storm?!" Lt. Dan
11%
"Forrest, I never thanked you for saving my life." Lt. Dan
11%
No matching quizzes found
Score Distribution
Percent of People with Each Score
Percentile by Number Answered
Your Score History
You have not taken this quiz